000 nam a22 a 4500
999 _c390090
_d390090
003 BLK
005 20201015132049.0
008 201015b bul|||||r ||||||| ||bul||
040 _aBLK
041 _aBUL
_cBUL
080 _aИстория на Сърбия
_b949.711
_z949.711
080 _aИстория на Хърватия
_b949.713
_z949.713
100 _91299
_aЗанетов, Гaврил Танасов
_eпърви автор
139 _aЗанетов, Гaврил Танасов
245 1 0 _aВ Сръбско и Хърватско
_cГaврил Танасов Занетов.
257 _aBGR
260 _aСофия
_bЯнко С. Ковачев
_c1898
300 _a90 с.
_c25 см
380 _a9
490 _9435080
_aКолекция Редки и ценни издания
500 _a(Цена в кумул.) : 20 лв.
650 0 _9272635
_aСърбия - история
650 0 _9261120
_aХърватия - история
852 _aРб 898
_bРц
856 4 _qpdf
_u
856 4 _qpdf
_u
942 _cKNG
_n0
_s1
944 _c2020-10-15
_kВК
999 _d554051